000 00492nab a2200145Ia 4500
003 ES-SlBCS
005 20210601133827.0
008 140529s1990 xxu||||| |||| 00| 0 por d
041 _apor
100 1 _aRodrigues Moog, Anna Maria
_9210221
245 0 0 _aFilosofia Luso-Brasileira e o Problema das Filosofias Nacionais
_c Anna Maria Rodrigues Moog
650 0 4 _aFilosofía Lusobrasileña
_9210251
773 0 _tPresença Filosofica
_gvol. 15, nº. 1-2, 1990, págs. 25-30
_wRev966
942 _cAR
999 _c602753
_d602753